Diccionario de Filosofía Abreviado.

Saved in:
書目詳細資料
主要作者: Ferrater Mora, José (autor)
格式: 未知
出版: Barcelona, España: Edhasa, 2008.
版:Primera edición
叢編:Los libros de Sísifo
主題:
標簽: 添加標簽
沒有標簽, 成為第一個標記此記錄!

MARC

LEADER 00000 a2200000 4500
003 CL-VaPUC
005 20240822153424.0
008 221216t2008 ||||| |||| 00| 0 eng d
999 |c 439310  |d 439308 
020 |a 978-84-350-2722-9 
040 |c Pontificia Universidad Católica de Valparaíso 
082 |a 103 FER 2008 
100 |a Ferrater Mora, José  |e autor  |9 315443 
245 |a Diccionario de Filosofía Abreviado. 
250 |a Primera edición 
260 |a Barcelona, España:  |b Edhasa,  |c 2008. 
300 |a 410 páginas. 
490 |a Los libros de Sísifo 
583 |k GC  |c 20221216 
650 |a Filosofía  |9 223554  |v Diccionarios 
650 |a Español  |9 255372  |v Diccionarios  
942 |2 ddc  |c BK 
952 |0 0  |1 0  |2 ddc  |4 0  |6 103_000000000000000_FER_2008  |7 0  |8 F  |9 588241  |a BIBARQ  |b BIBARQ  |c REF  |d 2022-12-15  |e 3  |g 16183.00  |i 5656039  |o 103 FER 2008  |p 5656039  |r 2025-01-20  |t 2  |v 16183.00  |w 2022-12-15  |y BK_F  |k ARQ 
952 |0 0  |1 0  |2 ddc  |4 0  |5 1  |6 103_000000000000000_FER_2008  |7 0  |8 F  |9 588242  |a BIBARQ  |b BIBARQ  |c REF  |d 2022-12-15  |e 3  |g 16183.00  |i 5656038  |o 103 FER 2008  |p 5656038  |r 2025-01-20  |t 1  |v 16183.00  |w 2022-12-15  |y BK_F  |k ARQ